000
00246 a2200109 4500
001
122648
020
_a
9788576653615
040
_c
Escola Canadense de Niteroi
100
_a
Ventura, Zuenir
245
1
0
_a
1968-O ano que não terminou
942
_c
BK
999
_c
122648
_d
122648